Význam informačných technológií v znalostnej ekonomike a perspektívy trhu práce v tejto oblasti v košickom regióne
Rastúci význam odvetvia informačných technológií. Rozvoj odvetvia informačných technológií na Slovensku. Trh IT služieb na Slovensku. Perspektívy trhu práce v oblasti informačných technológií v košickom regióne.
Na minha lista:
| Autor principal: | |
|---|---|
| Outros Autores: | |
| Formato: | Capítulo de Livro |
| Idioma: | eslovaco |
| Assuntos: | |
| Tags: |
Sem tags, seja o primeiro a adicionar uma tag!
|
MARC
| LEADER | 00000naa$a2200000$$$4500 | ||
|---|---|---|---|
| 001 | 0060149 | ||
| 005 | 20240502071650.4 | ||
| 041 | 0 | |a slo | |
| 044 | |a SK | ||
| 245 | 1 | 0 | |a Význam informačných technológií v znalostnej ekonomike a perspektívy trhu práce v tejto oblasti v košickom regióne |c Peter Czikk, Anna Čepelová |
| 520 | |a Rastúci význam odvetvia informačných technológií. Rozvoj odvetvia informačných technológií na Slovensku. Trh IT služieb na Slovensku. Perspektívy trhu práce v oblasti informačných technológií v košickom regióne. | ||
| 610 | 2 | 0 | |a regióny |
| 610 | 2 | 0 | |a Slovensko |
| 610 | 2 | 0 | |a technológie informačné |
| 610 | 2 | 0 | |a informácie |
| 610 | 2 | 0 | |a trh práce |
| 610 | 2 | 0 | |a ekonomika vedomostná |
| 100 | 1 | |a Czikk, Peter | |
| 700 | 1 | |a Čepelová, Anna | |